Circuits analysis

Spremljeno u:
Bibliografski detalji
Glavni autor: O'Malley, John R. (Autor)
Format: Knjiga
Jezik:engleski
Izdano: Englewood Cliffs Prentice-Hall 1980
Teme:
Oznake: Dodaj oznaku
Bez oznaka, Budi prvi tko označuje ovaj zapis!

MARC

LEADER 00000nam a2200000 a 4500
001 UCU5019
003 CL-VaPUC
008 960531e19800000us |||||||||||||||||eng|d
082 0 4 |a 621.319  |b OMA  |2 21 
100 |a O'Malley, John R.  |e author  |9 362866 
245 1 0 |a Circuits analysis 
300 |a 543 p 
942 |c BK 
945 |d 19960531 00:00:00  |a cmena 
260 |a Englewood Cliffs  |b Prentice-Hall  |c 1980 
650 0 |a Circuitos eléctricos   |9 260262 
650 0 |a Análisis de canales  |9 362867 
650 0 |a Análisis de redes  |9 260875 
650 0 |a Electrónica   |9 263192 
650 0 |a Electricidad  |9 260222 
583 |a last modification  |c 20150428 09:45:33  |k Rodrigo Vera 
999 |c 248534  |d 248532